The Companies They Founded - Statistics

General Stats
  • This quiz has been taken 543 times
  • The average score is 11 of 20
Answer Stats
Founders Date Founded Current Headquarters Company Founded % Correct
Bill Gates, Paul Allen 1975 Redmond, WA Microsoft
96%
Jeff Bezos 1994 Seattle, WA Amazon
93%
Kiichiro Toyoda 1937 Aichi, Japan Toyota
92%
Lee Byung-chul 1938 Seoul, South Korea Samsung
76%
Larry Page, Sergey Brin 1998 Mountain View, CA Google
75%
Sir Richard Branson 1970 London, England Virgin Group
72%
Travis Kalanick, Garrett Camp 2009 San Francisco, CA UBER
67%
Pierre Omidyar 1995 San Jose, CA eBay
56%
Glen Bell 1962 Irvine, CA Taco Bell
56%
Henry J. Raymond, George Jones 1851 New York City New York Times
53%
Gordon Bowker, Ziv Siegel, Jerry Baldwin 1971 Seattle, WA Starbucks
47%
Phil Knight, Bill Bowerman 1964 Beaverton, OR Nike
46%
Ingvar Kamprad 1943 Delft, Netherlands IKEA
43%
James Cash Penney 1902 Plano, TX JC Penney
43%
Charles Ranlett Flint 1911 Armonk, NY IBM
29%
Sir Jack Cohen 1919 Welwyn Garden City, England Tesco
29%
William S. Paley, Arthur Judson 1927 New York City CBS
27%
Jerry Yang, David Filo 1994 Sunnyvale, CA Yahoo!
22%
Herb Kelleher 1971 Dallas, TX Southwest Airlines
20%
Scott & Bill Rasmussen, Ed Eagan 1979 Bristol, CT ESPN
16%
No matching quizzes found
Score Distribution
Percent of People with Each Score
Percentile by Number Answered
Your Score History
You have not taken this quiz